[Event "Shropshire Open"]
[Site "Telford"]
[Date "2025.01.04"]
[Round "2.13"]
[White "Faustino, Tiago"]
[Black "Van Kemenade, Rudy"]
[Result "0-1"]
[WhiteElo "1981"]
[BlackElo "1905"]
[PlyCount "114"]
[EventDate "2025.01.03"]
[EventType "swiss"]
[EventRounds "5"]
[EventCountry "ENG"]
[SourceTitle "BritBase"]
[Source "John Saunders"]
[SourceDate "2025.01.09"]
[SourceVersion "1"]
[SourceVersionDate "2025.01.09"]
[SourceQuality "1"]

1. d4 Nf6 2. c4 e5 3. dxe5 Ng4 4. Nf3 Bc5 5. e3 Nc6 6. Be2 O-O 7. O-O Re8 8. Qd5 Qe7 9. a3 a5 10. Nc3 Ncxe5 11. h3 Nxf3+ 12. Qxf3 Ne5 13. Qg3 Ra6 14. Nd5 Qd8 15. e4 Rg6 16. Qc3 Nc6 17. Bf4 d6 18. Bh5 Rge6 19. Bf3 Nd4 20. b4 Nxf3+ 21. Qxf3 Bd4 22. Nc3 Bxc3 23. Qxc3 Rxe4 24. Bg3 axb4 25. axb4 h5 26. h4 Qe7 27. Rad1 Be6 28. c5 dxc5 29. Qxc5 Rxb4 30. Qxc7 Qxc7 31. Bxc7 Rxh4 32. f4 Bf5 33. Rd5 Be4 34. Re5 Rxe5 35. Bxe5 Rg4 36. Rf2 f6 37. Bd6 Kf7 38. Re2 Bc6 39. Kh2 Kg6 40. Kh3 Kf5 41. Bc7 Be4 42. Rb2 Ke6 43. Rd2 Bd5 44. g3 g5 45. Re2+ Kd7 46. Bb8 Be6 47. Kh2 b5 48. Rd2+ Kc8 49. Bd6 Kb7 50. fxg5 fxg5 51. Be7 h4 52. gxh4 gxh4 53. Rd6 Re4 54. Bd8 Re2+ 55. Kg1 h3 56. Bh4 h2+ 57. Kh1 Bf5 0-1

[Event "Shropshire Open"]
[Site "Telford"]
[Date "2025.01.04"]
[Round "2.14"]
[White "Stern, Robert C"]
[Black "Tarr, Stephen F"]
[Result "1-0"]
[WhiteElo "1958"]
[BlackElo "1801"]
[PlyCount "85"]
[EventDate "2025.01.03"]
[EventType "swiss"]
[EventRounds "5"]
[EventCountry "ENG"]
[SourceTitle "BritBase"]
[Source "John Saunders"]
[SourceDate "2025.01.09"]
[SourceVersion "1"]
[SourceVersionDate "2025.01.09"]
[SourceQuality "1"]

1. e4 c5 2. Nf3 g6 3. d4 cxd4 4. Qxd4 Nf6 5. Nc3 Nc6 6. Qa4 Bg7 7. e5 Ng8 8. Bf4 f6 9. exf6 Nxf6 10. O-O-O O-O 11. Bc4+ Kh8 12. Bb3 Qa5 13. Qc4 Qf5 14. Bg3 Na5 15. Qb5 Nxb3+ 16. Qxb3 b6 17. Rhe1 Ng8 18. Nd5 Bb7 19. Ne3 Bh6 20. Kb1 Bxe3 21. Rxe3 Rac8 22. Re5 Qf7 23. Qxf7 Rxf7 24. Rxd7 Bxf3 25. gxf3 a5 26. Re3 Kg7 27. Rb7 Rc6 28. Rb3 Re6 29. Kc1 Rff6 30. Bc7 Re2 31. Bxb6 Rf5 32. Be3 Re1+ 33. Kd2 Ra1 34. c4 Rxa2 35. c5 a4 36. Ra3 Rxa3 37. bxa3 Kf7 38. c6 Rd5+ 39. Kc3 Rd6 40. c7 Rc6+ 41. Kb4 Nf6 42. Kb5 Rc2 43. Bc5 1-0

[Event "Shropshire Open"]
[Site "Telford"]
[Date "2025.01.04"]
[Round "2.15"]
[White "Van Kemenade, Julie"]
[Black "Gardiner, Harry"]
[Result "1/2-1/2"]
[WhiteElo "1618"]
[BlackElo "1914"]
[PlyCount "58"]
[EventDate "2025.01.03"]
[EventType "swiss"]
[EventRounds "5"]
[EventCountry "ENG"]
[SourceTitle "BritBase"]
[Source "John Saunders"]
[SourceDate "2025.01.09"]
[SourceVersion "1"]
[SourceVersionDate "2025.01.09"]
[SourceQuality "1"]

1. e4 c5 2. Nc3 Nc6 3. f4 g6 4. Nf3 Bg7 5. Bc4 e6 6. d3 Nge7 7. O-O d5 8. Bb3 Bxc3 9. bxc3 b5 10. a4 Qa5 11. Bd2 c4 12. axb5 Qxb5 13. Ba4 Qb6+ 14. Kh1 cxd3 15. cxd3 Ba6 16. exd5 exd5 17. Rb1 Qc7 18. Ne5 O-O 19. Qf3 Nxe5 20. fxe5 Nf5 21. Bb5 Bxb5 22. Rxb5 d4 23. c4 Rab8 24. Rxb8 Rxb8 25. Bf4 Qb7 26. Qh3 Qb1 27. g4 Ne3 28. Bxe3 dxe3 29. Qf3 Qxd3 1/2-1/2

[Event "Shropshire Open"]
[Site "Telford"]
[Date "2025.01.04"]
[Round "3.1"]
[White "Sygnowski, Tomasz"]
[Black "Paul, Nathanael"]
[Result "1-0"]
[WhiteElo "2247"]
[BlackElo "2158"]
[PlyCount "111"]
[EventDate "2025.01.03"]
[EventType "swiss"]
[EventRounds "5"]
[EventCountry "ENG"]
[SourceTitle "BritBase"]
[Source "John Saunders"]
[SourceDate "2025.01.09"]
[SourceVersion "1"]
[SourceVersionDate "2025.01.09"]
[SourceQuality "1"]

1. e4 c6 2. d4 d5 3. exd5 cxd5 4. Nf3 Nc6 5. c3 Qc7 6. Na3 a6 7. Nc2 Nf6 8. Ne3 g6 9. Qb3 Qd6 10. c4 e5 11. dxe5 Nxe5 12. Nxe5 Qxe5 13. cxd5 Bg7 14. Be2 O-O 15. O-O Ne4 16. Nc4 Nd2 17. Bxd2 Qxe2 18. Rfe1 Qg4 19. Nb6 Rb8 20. h3 Qf5 21. Bb4 Rd8 22. Be7 Bd7 23. Bxd8 Rxd8 24. Nxd7 Qxd7 25. Rad1 Bf8 26. Re4 Bd6 27. Rde1 h5 28. Qe3 Kg7 29. Qd4+ Kg8 30. b4 Bf8 31. Rd1 Qa4 32. Rd2 Rd6 33. Qd3 Qd7 34. a3 Bg7 35. Ree2 Bf6 36. Qe4 Kg7 37. Qe8 Qf5 38. Qe4 Qd7 39. Rd1 h4 40. Re3 Qb5 41. Rf3 Qd7 42. Rxf6 Kxf6 43. Qxh4+ Kg7 44. Qd4+ Kg8 45. Qe5 f6 46. Qe4 Kf7 47. Rd3 Qb5 48. h4 a5 49. h5 gxh5 50. Qh7+ Kf8 51. Qh8+ Kf7 52. Qxh5+ Kf8 53. Qh8+ Kf7 54. Qh7+ Kf8 55. Rc3 Qxd5 56. Rc7 1-0

[Event "Shropshire Open"]
[Site "Telford"]
[Date "2025.01.04"]
[Round "3.2"]
[White "McCumiskey, Andrew P"]
[Black "Kett, Timothy"]
[Result "0-1"]
[WhiteElo "2130"]
[BlackElo "2185"]
[PlyCount "68"]
[EventDate "2025.01.03"]
[EventType "swiss"]
[EventRounds "5"]
[EventCountry "ENG"]
[SourceTitle "BritBase"]
[Source "John Saunders"]
[SourceDate "2025.01.09"]
[SourceVersion "1"]
[SourceVersionDate "2025.01.09"]
[SourceQuality "1"]

1. d4 Nf6 2. Nc3 d5 3. Bf4 Bf5 4. f3 e6 5. g4 Bg6 6. h4 h6 7. e3 a6 8. Bd3 Bxd3 9. Qxd3 c5 10. dxc5 Bxc5 11. O-O-O Nc6 12. Nge2 Qa5 13. Kb1 Bb4 14. g5 Nd7 15. e4 Nc5 16. Qe3 Bxc3 17. exd5 Bxb2 18. Kxb2 Nb4 19. Nc1 Rc8 20. c4 Na4+ 21. Kb1 Rxc4 22. Be5 Nc2 23. Qb3 hxg5 24. Bxg7 Rhxh4 25. Rxh4 gxh4 26. dxe6 fxe6 27. Nd3 Na3+ 28. Ka1 Nc2+ 29. Kb1 Rc6 30. Nb2 Nxb2 31. Bxb2 Qf5 32. Rd3 Ne1 33. Qxb7 Qxd3+ 34. Ka1 Qd1+ 0-1

[Event "Shropshire Open"]
[Site "Telford"]
[Date "2025.01.04"]
[Round "3.3"]
[White "Zabrocki, Philip AM"]
[Black "Ferrington, Nigel M"]
[Result "1/2-1/2"]
[WhiteElo "1980"]
[BlackElo "2149"]
[PlyCount "53"]
[EventDate "2025.01.03"]
[EventType "swiss"]
[EventRounds "5"]
[EventCountry "ENG"]
[SourceTitle "BritBase"]
[Source "John Saunders"]
[SourceDate "2025.01.09"]
[SourceVersion "1"]
[SourceVersionDate "2025.01.09"]
[SourceQuality "1"]

1. e4 e5 2. f4 exf4 3. Nf3 g5 4. d4 Bg7 5. Nc3 d6 6. g3 Nc6 7. Bb5 a6 8. Bxc6+ bxc6 9. Rg1 g4 10. gxf4 gxf3 11. Rxg7 Qh4+ 12. Rg3 Nf6 13. Qxf3 Nh5 14. Be3 Nxg3 15. hxg3 Bg4 16. gxh4 Bxf3 17. Kf2 Bg4 18. Rg1 Rg8 19. f5 Kd7 20. Bg5 h5 21. Ke3 Raf8 22. f6 Rb8 23. b3 Rge8 24. Bh6 Rb4 25. a3 Rbb8 26. Bg7 a5 27. Kf4 1/2-1/2

[Event "Shropshire Open"]
[Site "Telford"]
[Date "2025.01.04"]
[Round "3.4"]
[White "Shivakumar, Akshath"]
[Black "Clark, Robert G"]
[Result "1-0"]
[WhiteElo "1745"]
[BlackElo "2042"]
[PlyCount "93"]
[EventDate "2025.01.03"]
[EventType "swiss"]
[EventRounds "5"]
[EventCountry "ENG"]
[SourceTitle "BritBase"]
[Source "John Saunders"]
[SourceDate "2025.01.09"]
[SourceVersion "1"]
[SourceVersionDate "2025.01.09"]
[SourceQuality "1"]

1. d4 Nf6 2. c4 c5 3. d5 e6 4. g3 exd5 5. cxd5 d6 6. Bg2 g6 7. Nc3 Bg7 8. Nf3 O-O 9. O-O a6 10. a4 Nbd7 11. Bf4 Qe7 12. h3 h6 13. Re1 Nh5 14. Bd2 Rb8 15. e4 Ne5 16. Nxe5 Qxe5 17. Qc1 Kh7 18. g4 Nf6 19. Bf4 Qe7 20. e5 Nd7 21. exd6 Qf6 22. Qe3 b6 23. Rab1 Bb7 24. Qd2 Rbd8 25. Re7 Qd4 26. Qxd4 Bxd4 27. Rbe1 Ba8 28. g5 hxg5 29. Bxg5 Bf6 30. Rxd7 Bxg5 31. Ree7 Kg7 32. Rxd8 Rxd8 33. Ra7 Bf4 34. Rxa6 Bxd6 35. Rxb6 Be5 36. Rb5 Bd4 37. a5 Re8 38. Kf1 Re5 39. Ne2 Bxd5 40. Bxd5 Rxd5 41. a6 Rd8 42. a7 Ra8 43. Nxd4 cxd4 44. Rb7 Kf6 45. Ke2 Ke6 46. Kd3 f5 47. Kxd4 1-0

[Event "Shropshire Open"]
[Site "Telford"]
[Date "2025.01.04"]
[Round "3.5"]
[White "De Coverly, Roger D"]
[Black "Surtees, Michael J"]
[Result "0-1"]
[WhiteElo "1997"]
[BlackElo "2116"]
[PlyCount "98"]
[EventDate "2025.01.03"]
[EventType "swiss"]
[EventRounds "5"]
[EventCountry "ENG"]
[SourceTitle "BritBase"]
[Source "John Saunders"]
[SourceDate "2025.01.09"]
[SourceVersion "1"]
[SourceVersionDate "2025.01.09"]
[SourceQuality "1"]

1. Nf3 Nf6 2. g3 g6 3. Bg2 Bg7 4. O-O O-O 5. d3 d5 6. Nbd2 d4 7. a4 Nc6 8. Nc4 Be6 9. Ng5 Bd5 10. e4 dxe3 11. Nxe3 Bxg2 12. Nxg2 e5 13. Be3 h6 14. Ne4 Nd5 15. Qd2 Nxe3 16. fxe3 Qe7 17. c3 f5 18. Nf2 Rad8 19. Qc2 Kh7 20. Rae1 a5 21. e4 f4 22. gxf4 exf4 23. d4 Bxd4 24. cxd4 Nxd4 25. Qb1 Nf3+ 26. Kh1 Nxe1 27. Qxe1 Qb4 28. Qc1 Rf7 29. Nxf4 Qxa4 30. Qe3 Qd4 31. Qg3 Rd6 32. Rd1 Qf6 33. N4d3 Qf3+ 34. Qxf3 Rxf3 35. Kg2 Re3 36. e5 Rd4 37. Rc1 c6 38. Rc3 g5 39. Rb3 b5 40. Rc3 Rc4 41. Ra3 a4 42. h3 h5 43. Nd1 Re2+ 44. Kg3 Ree4 45. N1f2 g4 46. hxg4 hxg4 47. Kg2 Re2 48. Ra1 Kg6 49. Rh1 Rd4 0-1

[Event "Shropshire Open"]
[Site "Telford"]
[Date "2025.01.04"]
[Round "3.6"]
[White "Okhai, Shabir"]
[Black "Hollands, David"]
[Result "1-0"]
[WhiteElo "2212"]
[BlackElo "1901"]
[PlyCount "83"]
[EventDate "2025.01.03"]
[EventType "swiss"]
[EventRounds "5"]
[EventCountry "ENG"]
[SourceTitle "BritBase"]
[Source "John Saunders"]
[SourceDate "2025.01.09"]
[SourceVersion "1"]
[SourceVersionDate "2025.01.09"]
[SourceQuality "1"]

1. e4 b6 2. d4 Bb7 3. Bd3 g6 4. Nf3 Bg7 5. O-O d6 6. Qe2 e6 7. Nbd2 Ne7 8. c3 Nd7 9. a4 a6 10. Rd1 O-O 11. Nf1 h6 12. Ng3 c5 13. h4 Nc6 14. Bb1 Qc7 15. Be3 Nf6 16. h5 Ng4 17. dxc5 dxc5 18. hxg6 fxg6 19. Ba2 Rae8 20. Rd2 Nce5 21. Nxe5 Nxe5 22. Rad1 c4 23. Bb1 Bc6 24. Bc2 Nd3 25. Bxd3 cxd3 26. Qg4 Bxa4 27. Ra1 Bb5 28. Qxg6 Rf6 29. Qg4 Kh7 30. Qh3 Rg6 31. Nh5 e5 32. Ng3 Rg8 33. Nf5 Bf8 34. Nh4 Rg4 35. f3 R4g7 36. Qe6 Re7 37. Qf5+ Kg7 38. Kf2 Bd7 39. Qg6+ Kh8 40. Qf6+ Kh7 41. Rxd3 Reg7 42. Qxh6# 1-0

[Event "Shropshire Open"]
[Site "Telford"]
[Date "2025.01.04"]
[Round "3.7"]
[White "Fleming, Nigel D"]
[Black "Attwell, Ben"]
[Result "1/2-1/2"]
[WhiteElo "2078"]
[BlackElo "1876"]
[PlyCount "54"]
[EventDate "2025.01.03"]
[EventType "swiss"]
[EventRounds "5"]
[EventCountry "ENG"]
[SourceTitle "BritBase"]
[Source "John Saunders"]
[SourceDate "2025.01.09"]
[SourceVersion "1"]
[SourceVersionDate "2025.01.09"]
[SourceQuality "1"]

1. e4 c6 2. d4 d5 3. exd5 cxd5 4. Bd3 Nc6 5. c3 Nf6 6. Bf4 Bg4 7. Qb3 Qd7 8. Nd2 e6 9. Ngf3 Bd6 10. Bxd6 Qxd6 11. O-O O-O 12. Rae1 Bxf3 13. Nxf3 Qc7 14. Qd1 g6 15. Ne5 Nxe5 16. Rxe5 Rab8 17. Qe2 a6 18. f4 b5 19. a3 a5 20. Bxb5 Qb6 21. a4 Ne4 22. f5 gxf5 23. Bd3 Qxb2 24. Qh5 Qxc3 25. Rxe4 dxe4 26. Qg5+ Kh8 27. Qf6+ Kg8 1/2-1/2

[Event "Shropshire Open"]
[Site "Telford"]
[Date "2025.01.04"]
[Round "3.8"]
[White "Evans, Paul A"]
[Black "Gunarathne, Senith"]
[Result "1-0"]
[WhiteElo "2052"]
[BlackElo "1932"]
[PlyCount "107"]
[EventDate "2025.01.03"]
[EventType "swiss"]
[EventRounds "5"]
[EventCountry "ENG"]
[SourceTitle "BritBase"]
[Source "John Saunders"]
[SourceDate "2025.01.09"]
[SourceVersion "1"]
[SourceVersionDate "2025.01.09"]
[SourceQuality "1"]

1. e4 c5 2. d4 cxd4 3. c3 dxc3 4. Nxc3 Nc6 5. Nf3 e6 6. Bc4 Bb4 7. O-O d6 8. Bf4 Nf6 9. Qd3 O-O 10. Rfd1 Na5 11. e5 Nxc4 12. Qxc4 Bxc3 13. Rxd6 Qa5 14. bxc3 Nd5 15. Bd2 Qa3 16. Qb3 Qxb3 17. axb3 b5 18. c4 bxc4 19. bxc4 Nb6 20. Rxb6 axb6 21. Rxa8 Bb7 22. Rxf8+ Kxf8 23. Be3 Ba6 24. Nd2 b5 25. c5 Ke7 26. Nb3 f6 27. f4 h6 28. Kf2 g5 29. Ke1 Bb7 30. g3 gxf4 31. Bxf4 h5 32. Kd2 fxe5 33. Bxe5 Kf7 34. Kc3 Kg6 35. Nd4 Kg5 36. Kb4 Kg4 37. h4 Kh3 38. Kxb5 Kg2 39. c6 Bxc6+ 40. Kxc6 Kh3 41. Kd6 Kg4 42. Kxe6 Kh3 43. Kf5 Kg2 44. Kg5 Kh3 45. Kxh5 Kg2 46. Kg4 Kh2 47. Ne2 Kg2 48. h5 Kf2 49. h6 Ke3 50. h7 Kf2 51. h8=Q Kg2 52. Qa8+ Kh2 53. Kf3 Kh1 54. Qh8# 1-0

[Event "Shropshire Open"]
[Site "Telford"]
[Date "2025.01.04"]
[Round "3.9"]
[White "Van Kemenade, Rudy"]
[Black "Gilmore, Simon N"]
[Result "1-0"]
[WhiteElo "1905"]
[BlackElo "2049"]
[PlyCount "103"]
[EventDate "2025.01.03"]
[EventType "swiss"]
[EventRounds "5"]
[EventCountry "ENG"]
[SourceTitle "BritBase"]
[Source "John Saunders"]
[SourceDate "2025.01.09"]
[SourceVersion "1"]
[SourceVersionDate "2025.01.09"]
[SourceQuality "1"]

1. e4 c6 2. d4 d5 3. e5 Bf5 4. Nc3 e6 5. g4 Bg6 6. Nge2 c5 7. h4 h6 8. Bg2 Nc6 9. f4 cxd4 10. Nxd4 Nge7 11. Ndb5 Nc8 12. O-O Bc5+ 13. Kh2 O-O 14. Kg3 a6 15. Na4 Be7 16. Nd4 Nxd4 17. Qxd4 Bxh4+ 18. Kh3 f5 19. exf6 Bxf6 20. Qd1 Nd6 21. Nc5 Qc8 22. Nd3 Be4 23. g5 Be7 24. Bxe4 Nxe4 25. gxh6 g6 26. Ne5 Kh7 27. Qd3 Rf5 28. c4 Bc5 29. Be3 Bxe3 30. Qxe3 Qc5 31. Qxc5 Nxc5 32. cxd5 exd5 33. Rac1 Ne6 34. Kg4 Raf8 35. Nd3 R8f7 36. Rce1 Nd8 37. Ne5 Rc7 38. Rd1 Rc5 39. Rc1 Ne6 40. Rxc5 Nxc5 41. Re1 Kxh6 42. b4 Ne4 43. Rc1 Nf6+ 44. Kf3 g5 45. Nf7+ Kg6 46. Nxg5 Nh5 47. Nh3 Rf7 48. Rg1+ Kf6 49. Rg5 Ng7 50. Rxd5 Ne6 51. Rd6 Ke7 52. Rxe6+ 1-0

[Event "Shropshire Open"]
[Site "Telford"]
[Date "2025.01.04"]
[Round "3.10"]
[White "Layhe, Simon"]
[Black "Stern, Robert C"]
[Result "1/2-1/2"]
[WhiteElo "1869"]
[BlackElo "1958"]
[PlyCount "70"]
[EventDate "2025.01.03"]
[EventType "swiss"]
[EventRounds "5"]
[EventCountry "ENG"]
[SourceTitle "BritBase"]
[Source "John Saunders"]
[SourceDate "2025.01.09"]
[SourceVersion "1"]
[SourceVersionDate "2025.01.09"]
[SourceQuality "1"]

1. d4 d5 2. Nf3 Nf6 3. g3 b5 4. Bg2 Bb7 5. O-O e6 6. b3 b4 7. c4 bxc3 8. Nxc3 Nbd7 9. Bb2 c5 10. Rc1 Be7 11. e3 O-O 12. Re1 Rc8 13. dxc5 Nxc5 14. Nb5 a6 15. Nbd4 Qa5 16. a3 Nce4 17. b4 Rxc1 18. Bxc1 Qb6 19. h3 Rc8 20. Bb2 Nd6 21. Qb3 Nc4 22. Rc1 Ne4 23. Bf1 Ned6 24. Ne2 Nxb2 25. Rxc8+ Bxc8 26. Qxb2 Bd7 27. Ned4 Bf6 28. Qc2 g6 29. Nb3 Bb5 30. Nfd2 Bxf1 31. Kxf1 Qb5+ 32. Ke1 Nc4 33. Nxc4 dxc4 34. Nd2 c3 35. Ne4 Qf5 1/2-1/2

[Event "Shropshire Open"]
[Site "Telford"]
[Date "2025.01.04"]
[Round "3.11"]
[White "Morrison, Joseph"]
[Black "Doran, Chris"]
[Result "0-1"]
[WhiteElo "1865"]
[BlackElo "2029"]
[PlyCount "65"]
[EventDate "2025.01.03"]
[EventType "swiss"]
[EventRounds "5"]
[EventCountry "ENG"]
[SourceTitle "BritBase"]
[Source "John Saunders"]
[SourceDate "2025.01.09"]
[SourceVersion "1"]
[SourceVersionDate "2025.01.09"]
[SourceQuality "1"]

1. d4 Nf6 2. c4 g6 3. Nc3 Bg7 4. e4 d6 5. Nf3 O-O 6. Be2 e5 7. O-O Nc6 8. d5 Ne7 9. b4 Ne8 10. c5 f5 11. Nd2 Nf6 12. f3 f4 13. Nc4 g5 14. a4 h5 15. Ba3 Ng6 16. b5 Ne8 17. b6 axb6 18. cxb6 cxb6 19. Rb1 Ra6 20. Qb3 g4 21. Nxb6 Rxb6 22. Qxb6 Qh4 23. fxg4 hxg4 24. Qb2 Bh6 25. Nd1 f3 26. gxf3 g3 27. Bb5 Bh3 28. Qc2 Bxf1 29. Bxf1 Rxf3 30. h3 Nf4 31. Bc1 Rxf1+ 32. Kxf1 g2+ 33. Kg1 0-1

[Event "Shropshire Open"]
[Site "Telford"]
[Date "2025.01.04"]
[Round "3.12"]
[White "Burns, Martin J"]
[Black "Smith, David"]
[Result "1-0"]
[WhiteElo "1916"]
[BlackElo "1860"]
[PlyCount "39"]
[EventDate "2025.01.03"]
[EventType "swiss"]
[EventRounds "5"]
[EventCountry "ENG"]
[SourceTitle "BritBase"]
[Source "John Saunders"]
[SourceDate "2025.01.09"]
[SourceVersion "1"]
[SourceVersionDate "2025.01.09"]
[SourceQuality "1"]

1. e4 e6 2. d4 d5 3. Nc3 Bb4 4. e5 Ne7 5. a3 Bxc3+ 6. bxc3 O-O 7. Bd3 b6 8. Qh5 Ng6 9. Nf3 Ba6 10. Ng5 h6 11. Nxe6 fxe6 12. Qxg6 Bxd3 13. Qxe6+ Kh7 14. cxd3 c5 15. O-O Na6 16. Be3 Nc7 17. Qg4 Qe7 18. f4 cxd4 19. cxd4 Ne8 20. Rf3 1-0

[Event "Shropshire Open"]
[Site "Telford"]
[Date "2025.01.04"]
[Round "3.13"]
[White "Gardiner, Harry"]
[Black "Sullivan, Luke"]
[Result "1-0"]
[WhiteElo "1914"]
[BlackElo "1880"]
[PlyCount "67"]
[EventDate "2025.01.03"]
[EventType "swiss"]
[EventRounds "5"]
[EventCountry "ENG"]
[SourceTitle "BritBase"]
[Source "John Saunders"]
[SourceDate "2025.01.09"]
[SourceVersion "1"]
[SourceVersionDate "2025.01.09"]
[SourceQuality "1"]

1. d4 Nf6 2. c4 g6 3. h4 d6 4. Nc3 Bg7 5. e4 Nbd7 6. Be2 e5 7. d5 h6 8. h5 gxh5 9. Bxh5 Nxh5 10. Qxh5 Nf6 11. Qh4 Qe7 12. f3 a6 13. a4 Bd7 14. a5 Ng8 15. Qf2 f5 16. b4 fxe4 17. fxe4 Qf6 18. Nf3 Ne7 19. c5 O-O 20. Qg3 Kh7 21. Qh2 Bg4 22. Bg5 Qg6 23. Bxe7 Bxf3 24. Bxf8 Rxf8 25. gxf3 Rxf3 26. Rg1 Qf7 27. Ne2 dxc5 28. bxc5 Bf8 29. Qg2 Bxc5 30. Rh1 Bb4+ 31. Kd1 Rd3+ 32. Kc2 Rd2+ 33. Kb3 Qe7 34. Rxh6+ 1-0

[Event "Shropshire Open"]
[Site "Telford"]
[Date "2025.01.04"]
[Round "3.14"]
[White "Pink, Joshua"]
[Black "Van Kemenade, Julie"]
[Result "0-1"]
[WhiteElo "2081"]
[BlackElo "1618"]
[PlyCount "76"]
[EventDate "2025.01.03"]
[EventType "swiss"]
[EventRounds "5"]
[EventCountry "ENG"]
[SourceTitle "BritBase"]
[Source "John Saunders"]
[SourceDate "2025.01.09"]
[SourceVersion "1"]
[SourceVersionDate "2025.01.09"]
[SourceQuality "1"]

1. e4 d6 2. d4 Nf6 3. Nc3 c6 4. Bg5 Nbd7 5. Nf3 e5 6. Bc4 Be7 7. Qe2 b5 8. Bb3 a5 9. a4 b4 10. Nb1 h6 11. Bh4 O-O 12. Nbd2 Qc7 13. g4 Ba6 14. Bc4 Bxc4 15. Nxc4 exd4 16. Nxd4 Ne5 17. Nxe5 dxe5 18. Nf5 Rfe8 19. O-O-O c5 20. Qf3 Qc6 21. Nxe7+ Rxe7 22. Bxf6 gxf6 23. Rd5 c4 24. Rhd1 Qxa4 25. Rd8+ Re8 26. Rxa8 Rxa8 27. Qxf6 c3 28. Rd8+ Rxd8 29. Qxd8+ Kg7 30. bxc3 Qa1+ 31. Kd2 Qxc3+ 32. Kd1 a4 33. g5 Qd4+ 34. Qxd4 exd4 35. gxh6+ Kxh6 36. Kc1 a3 37. Kb1 b3 38. cxb3 d3 0-1

[Event "Shropshire Open"]
[Site "Telford"]
[Date "2025.01.04"]
[Round "3.15"]
[White "Tarr, Stephen F"]
[Black "Faustino, Tiago"]
[Result "1/2-1/2"]
[WhiteElo "1801"]
[BlackElo "1981"]
[PlyCount "30"]
[EventDate "2025.01.03"]
[EventType "swiss"]
[EventRounds "5"]
[EventCountry "ENG"]
[SourceTitle "BritBase"]
[Source "John Saunders"]
[SourceDate "2025.01.09"]
[SourceVersion "1"]
[SourceVersionDate "2025.01.09"]
[SourceQuality "1"]

1. d4 d5 2. Bf4 Nf6 3. e3 Nbd7 4. Bd3 g6 5. Nc3 c6 6. h4 h5 7. Nf3 Bg7 8. Ne5 Nxe5 9. Bxe5 Bg4 10. f3 Bf5 11. Qe2 Qb6 12. O-O-O e6 13. Kb1 a5 14. Na4 Bxd3 15. Rxd3 Qb5 1/2-1/2

[Event "Shropshire Open"]
[Site "Telford"]
[Date "2025.01.05"]
[Round "4.1"]
[White "Kett, Timothy"]
[Black "Sygnowski, Tomasz"]
[Result "1/2-1/2"]
[WhiteElo "2185"]
[BlackElo "2247"]
[PlyCount "75"]
[EventDate "2025.01.03"]
[EventType "swiss"]
[EventRounds "5"]
[EventCountry "ENG"]
[SourceTitle "BritBase"]
[Source "John Saunders"]
[SourceDate "2025.01.09"]
[SourceVersion "1"]
[SourceVersionDate "2025.01.09"]
[SourceQuality "1"]

1. e4 e6 2. d4 d5 3. Nc3 Nf6 4. Bg5 dxe4 5. Nxe4 Be7 6. Bxf6 Bxf6 7. Nf3 Nd7 8. Qd2 Be7 9. O-O-O Nf6 10. Nxf6+ Bxf6 11. Bd3 Qd6 12. Rhe1 Bd7 13. Be4 O-O-O 14. Ne5 Bxe5 15. dxe5 Qa6 16. Qb4 Bc6 17. a3 Qb6 18. Qxb6 axb6 19. Re3 Rxd1+ 20. Kxd1 Kd7 21. Rd3+ Ke7 22. Bxc6 bxc6 23. b4 Rf8 24. a4 f6 25. exf6+ gxf6 26. a5 c5 27. axb6 cxb6 28. bxc5 bxc5 29. Rh3 Rf7 30. Ke2 Kd6 31. f4 e5 32. fxe5+ fxe5 33. c4 Ke6 34. Ke3 Rf4 35. Kd3 Rd4+ 36. Kc3 e4 37. Rh6+ Ke5 38. Rh5+ 1/2-1/2

[Event "Shropshire Open"]
[Site "Telford"]
[Date "2025.01.05"]
[Round "4.2"]
[White "Shabir, Okhai"]
[Black "Shivakumar, Akshath"]
[Result "1-0"]
[WhiteElo "2212"]
[BlackElo "1745"]
[PlyCount "73"]
[EventDate "2025.01.03"]
[EventType "swiss"]
[EventRounds "5"]
[EventCountry "ENG"]
[SourceTitle "BritBase"]
[Source "John Saunders"]
[SourceDate "2025.01.09"]
[SourceVersion "1"]
[SourceVersionDate "2025.01.09"]
[SourceQuality "1"]

1. e4 e6 2. d4 d5 3. Nc3 Bb4 4. e5 c5 5. a3 Bxc3+ 6. bxc3 Ne7 7. Qg4 cxd4 8. Bd3 Qc7 9. Ne2 Nbc6 10. cxd4 Bd7 11. O-O Ng6 12. c3 O-O-O 13. a4 f6 14. f4 f5 15. Qg3 Na5 16. Ba3 Nc4 17. Bc5 Bc6 18. a5 b6 19. axb6 axb6 20. Bb4 Bb5 21. Ra2 Kb7 22. Rb1 Qc6 23. h4 Ra8 24. Rxa8 Rxa8 25. h5 Nd2 26. Re1 Nh8 27. Bxb5 Qxb5 28. Qxg7+ Kc6 29. Qe7 Ra2 30. Qe8+ Kb7 31. Qxb5 Ne4 32. Bc5 Nxc5 33. dxc5 Ra6 34. Qd7+ Ka8 35. Qc8+ Ka7 36. c6 Nf7 37. Qb7# 1-0

[Event "Shropshire Open"]
[Site "Telford"]
[Date "2025.01.05"]
[Round "4.3"]
[White "Paul, Nathanael"]
[Black "Evans, Paul A"]
[Result "1-0"]
[WhiteElo "2158"]
[BlackElo "2052"]
[PlyCount "49"]
[EventDate "2025.01.03"]
[EventType "swiss"]
[EventRounds "5"]
[EventCountry "ENG"]
[SourceTitle "BritBase"]
[Source "John Saunders"]
[SourceDate "2025.01.09"]
[SourceVersion "1"]
[SourceVersionDate "2025.01.09"]
[SourceQuality "1"]

1. c4 Nf6 2. Nc3 e6 3. g3 Be7 4. Bg2 O-O 5. e4 c6 6. e5 Ne8 7. d4 d5 8. cxd5 cxd5 9. Nf3 Nc6 10. O-O f6 11. Re1 fxe5 12. Nxe5 Nf6 13. Bh3 Bb4 14. Bg5 Re8 15. Rc1 Bxc3 16. Rxc3 Nxe5 17. dxe5 h6 18. Bh4 g5 19. exf6 Qxf6 20. Rf3 Qg6 21. Qd4 Qg7 22. Rf6 gxh4 23. Bf5 e5 24. Qxd5+ Kh8 25. Rf7 1-0

[Event "Shropshire Open"]
[Site "Telford"]
[Date "2025.01.05"]
[Round "4.4"]
[White "Ferrington, Nigel M"]
[Black "Van Kemenade, Rudy"]
[Result "0-1"]
[WhiteElo "2149"]
[BlackElo "1905"]
[PlyCount "88"]
[EventDate "2025.01.03"]
[EventType "swiss"]
[EventRounds "5"]
[EventCountry "ENG"]
[SourceTitle "BritBase"]
[Source "John Saunders"]
[SourceDate "2025.01.09"]
[SourceVersion "1"]
[SourceVersionDate "2025.01.09"]
[SourceQuality "1"]

1. d4 Nf6 2. Nf3 g6 3. c4 Bg7 4. Nc3 O-O 5. e4 d6 6. Be2 e5 7. O-O Nc6 8. d5 Ne7 9. b4 Ne8 10. Nd2 f5 11. f3 f4 12. c5 g5 13. Nc4 Ng6 14. a4 Rf7 15. Ba3 Bf8 16. a5 h5 17. c6 b6 18. Bb2 Rb8 19. axb6 axb6 20. Nb5 Nf6 21. Na7 g4 22. Nxc8 Qxc8 23. Ra7 g3 24. h3 Nh7 25. Re1 Ng5 26. Bf1 Ra8 27. Rxa8 Qxa8 28. Qa1 Qc8 29. Qa7 Nh4 30. Re2 Ngxf3+ 31. gxf3 Nxf3+ 32. Kh1 Nh4 33. Nd2 f3 34. Nxf3 Rxf3 35. Bg2 Rd3 36. Qa1 Ng6 37. Qf1 Nf4 38. Rc2 Qe8 39. Bc1 Rd4 40. Bxf4 exf4 41. Qxf4 Qg6 42. Rc3 Rd1+ 43. Bf1 g2+ 44. Kh2 g1=Q# 0-1